[Event "EUYCC 2025 - U14"]
[Site "?"]
[Date "2025.08.20"]
[Round "2.4"]
[White "Janouskova, Eliska"]
[Black "Bundan, Edward"]
[Result "1/2-1/2"]
[BlackElo "1976"]
[WhiteElo "1748"]
[LiveChessVersion "1.4.8"]

1. e4 {[%clk 1:30:57]} c5 {[%clk 1:30:50]} 2. c3 {[%clk 1:31:20]} Nf6
{[%clk 1:31:15]} 3. e5 {[%clk 1:31:46]} Nd5 {[%clk 1:31:39]} 4. Nf3
{[%clk 1:32:07]} Nc6 {[%clk 1:32:01]} 5. d4 {[%clk 1:32:29]} cxd4
{[%clk 1:32:18]} 6. Bc4 {[%clk 1:32:41]} Nb6 {[%clk 1:31:46]} 7. Bb3
{[%clk 1:33:02]} e6 {[%clk 1:28:41]} 8. cxd4 {[%clk 1:31:16]} d6 {[%clk 1:28:40]}
9. O-O {[%clk 1:26:02]} dxe5 {[%clk 1:26:51]} 10. Nxe5 {[%clk 1:24:27]} Qxd4
{[%clk 1:21:11]} 11. Nxc6 {[%clk 1:22:43]} Qxd1 {[%clk 1:19:32]} 12. Rxd1
{[%clk 1:23:04]} bxc6 {[%clk 1:19:55]} 13. Bf4 {[%clk 1:18:27]} Ba6
{[%clk 1:17:08]} 14. Nd2 {[%clk 1:13:36]} Be7 {[%clk 1:13:44]} 15. Rac1
{[%clk 1:08:21]} c5 {[%clk 1:11:02]} 16. Nc4 {[%clk 1:03:09]} Bxc4
{[%clk 0:59:10]} 17. Bxc4 {[%clk 1:03:22]} Nxc4 {[%clk 0:59:33]} 18. Rxc4
{[%clk 1:03:48]} O-O {[%clk 0:55:33]} 19. Be3 {[%clk 1:01:30]} Rfd8
{[%clk 0:54:23]} 20. Rdc1 {[%clk 0:56:51]} Rab8 {[%clk 0:52:00]} 21. b3
{[%clk 0:54:42]} Rb5 {[%clk 0:50:24]} 22. g3 {[%clk 0:50:42]} Rd5
{[%clk 0:46:35]} 23. Ra4 {[%clk 0:47:00]} a5 {[%clk 0:45:37]} 24. Rac4
{[%clk 0:43:02]} f6 {[%clk 0:45:11]} 25. R4c3 {[%clk 0:37:17]} Kf7
{[%clk 0:33:31]} 26. a4 {[%clk 0:33:19]} Rb4 {[%clk 0:33:33]} 27. Bxc5
{[%clk 0:32:20]} Bxc5 {[%clk 0:33:22]} 28. Rxc5 {[%clk 0:32:45]} Rxb3
{[%clk 0:33:32]} 29. Rxd5 {[%clk 0:26:42]} exd5 {[%clk 0:33:53]} 30. Rc5
{[%clk 0:26:20]} Ke6 {[%clk 0:33:20]} 31. Rxa5 {[%clk 0:23:13]} Ke5
{[%clk 0:31:24]} 32. Ra7 {[%clk 0:16:34]} Kd4 {[%clk 0:26:38]} 33. a5
{[%clk 0:14:08]} Kd3 {[%clk 0:26:00]} 34. a6 {[%clk 0:11:45]} Ra3
{[%clk 0:25:50]} 35. Rd7 {[%clk 0:11:32]} d4 {[%clk 0:20:28]} 36. a7
{[%clk 0:11:10]} Kc3 {[%clk 0:20:11]} 37. Rxg7 {[%clk 0:07:01]} d3
{[%clk 0:19:54]} 38. Rc7+ {[%clk 0:05:24]} Kb2 {[%clk 0:19:21]} 39. Rb7+
{[%clk 0:05:29]} Kc2 {[%clk 0:19:29]} 40. Rc7+ {[%clk 0:05:34]} Kb2
{[%clk 0:16:56]} 41. Rb7+ {[%clk 0:05:54]} Kc2 {[%clk 0:16:06]} 42. Rc7+
{[%clk 0:05:53]} 1/2-1/2

[Event "EUYCC 2025 - U14"]
[Site "?"]
[Date "2025.08.20"]
[Round "2.5"]
[White "Matejka, Simon"]
[Black "Hujova, Tess"]
[Result "1-0"]
[BlackElo "1709"]
[WhiteElo "1950"]
[LiveChessVersion "1.4.8"]

1. d4 {[%clk 1:30:35]} f5 {[%clk 1:30:54]} 2. Bg5 {[%clk 1:30:36]} h6
{[%clk 1:31:11]} 3. Bh4 {[%clk 1:30:52]} g5 {[%clk 1:31:35]} 4. Bg3
{[%clk 1:31:12]} Nf6 {[%clk 1:31:46]} 5. e3 {[%clk 1:31:06]} Bg7 {[%clk 1:31:37]}
6. Nd2 {[%clk 1:30:48]} O-O {[%clk 1:30:26]} 7. Bd3 {[%clk 1:29:39]} d6
{[%clk 1:28:54]} 8. h4 {[%clk 1:29:33]} g4 {[%clk 1:28:20]} 9. Ne2
{[%clk 1:28:59]} Qe8 {[%clk 1:25:02]} 10. c3 {[%clk 1:26:37]} e5 {[%clk 1:22:07]}
11. Qc2 {[%clk 1:17:17]} Nh5 {[%clk 1:17:51]} 12. O-O-O {[%clk 1:14:40]} Nc6
{[%clk 1:12:39]} 13. Bc4+ {[%clk 1:09:58]} Kh8 {[%clk 1:12:39]} 14. dxe5
{[%clk 1:08:47]} dxe5 {[%clk 1:12:35]} 15. f4 {[%clk 1:01:11]} Na5
{[%clk 1:01:29]} 16. b4 {[%clk 0:48:36]} Nxc4 {[%clk 0:58:33]} 17. Nxc4
{[%clk 0:48:36]} Qc6 {[%clk 0:57:45]} 18. Nxe5 {[%clk 0:47:07]} Bxe5
{[%clk 0:57:32]} 19. fxe5 {[%clk 0:47:29]} Qxg2 {[%clk 0:57:21]} 20. Rhg1
{[%clk 0:43:09]} Qf3 {[%clk 0:55:14]} 21. Bf4 {[%clk 0:39:41]} Qc6
{[%clk 0:41:17]} 22. Rd4 {[%clk 0:35:23]} Kg7 {[%clk 0:33:28]} 23. Rgd1
{[%clk 0:33:23]} Be6 {[%clk 0:31:47]} 24. a4 {[%clk 0:22:55]} a5 {[%clk 0:28:36]}
25. b5 {[%clk 0:21:14]} Qc5 {[%clk 0:28:30]} 26. Kb2 {[%clk 0:20:01]} Rae8
{[%clk 0:24:06]} 27. c4 {[%clk 0:15:03]} Nxf4 {[%clk 0:19:23]} 28. exf4
{[%clk 0:15:04]} Qe7 {[%clk 0:19:25]} 29. Qc3 {[%clk 0:12:14]} Qxh4
{[%clk 0:18:02]} 30. Qxa5 {[%clk 0:10:35]} Qf2 {[%clk 0:16:07]} 31. Qe1
{[%clk 0:10:20]} Qxe1 {[%clk 0:15:47]} 32. Rxe1 {[%clk 0:10:46]} h5
{[%clk 0:15:37]} 33. Rh1 {[%clk 0:10:22]} Rh8 {[%clk 0:15:08]} 34. Rh4
{[%clk 0:10:28]} Kg6 {[%clk 0:14:54]} 35. Kc3 {[%clk 0:04:40]} Ra8
{[%clk 0:11:35]} 36. Kb4 {[%clk 0:02:40]} Rhd8 {[%clk 0:09:03]} 37. a5
{[%clk 0:02:21]} Rg8 {[%clk 0:08:40]} 38. Ng3 {[%clk 0:01:22]} Rh8
{[%clk 0:08:50]} 39. c5 {[%clk 0:01:29]} Rhd8 {[%clk 0:08:37]} 40. Rxd8
{[%clk 0:01:01]} Rxd8 {[%clk 0:09:02]} 41. Kc3 {[%clk 0:00:47]} Rd5
{[%clk 0:08:57]} 42. Rxh5 {[%clk 0:00:36]} Rxc5+ {[%clk 0:09:12]} 43. Kd2
{[%clk 0:00:35]} Rxb5 {[%clk 0:09:13]} 44. Rg5+ {[%clk 0:01:01]} Kf7
{[%clk 0:09:14]} 45. Nxf5 {[%clk 0:01:17]} Rxa5 {[%clk 0:08:48]} 46. Nh6+
{[%clk 0:01:14]} Kf8 {[%clk 0:08:52]} 47. Nxg4 {[%clk 0:01:30]} Bxg4
{[%clk 0:08:54]} 48. Rxg4 {[%clk 0:01:53]} Kf7 {[%clk 0:08:11]} 49. Kc3
{[%clk 0:01:55]} Ra4 {[%clk 0:07:40]} 50. Rh4 {[%clk 0:02:04]} Kg6
{[%clk 0:06:15]} 51. f5+ {[%clk 0:02:22]} Kxf5 {[%clk 0:06:16]} 52. Rxa4
{[%clk 0:02:47]} Kxe5 {[%clk 0:06:27]} 53. Ra7 {[%clk 0:03:12]} c5
{[%clk 0:06:38]} 54. Rxb7 {[%clk 0:03:38]} Kd5 {[%clk 0:07:00]} 55. Rb5
{[%clk 0:04:01]} Kc6 {[%clk 0:07:16]} 56. Kc4 {[%clk 0:04:27]} 1-0

[Event "EUYCC 2025 - U14"]
[Site "?"]
[Date "2025.08.20"]
[Round "2.6"]
[White "Mojzisova, Barbora"]
[Black "Migalko, Dmitriy"]
[Result "1-0"]
[BlackElo "1916"]
[WhiteElo "1740"]
[LiveChessVersion "1.4.8"]

1. e4 {[%clk 1:30:57]} c5 {[%clk 1:30:58]} 2. Nf3 {[%clk 1:31:19]} e6
{[%clk 1:31:24]} 3. d4 {[%clk 1:31:43]} cxd4 {[%clk 1:31:50]} 4. Nxd4
{[%clk 1:32:05]} Nc6 {[%clk 1:32:17]} 5. Nc3 {[%clk 1:32:23]} Qc7
{[%clk 1:32:43]} 6. Be2 {[%clk 1:32:05]} a6 {[%clk 1:33:05]} 7. O-O
{[%clk 1:31:41]} Nf6 {[%clk 1:33:27]} 8. Be3 {[%clk 1:29:26]} Be7
{[%clk 1:33:41]} 9. Re1 {[%clk 1:28:21]} O-O {[%clk 1:33:37]} 10. Qd2
{[%clk 1:26:56]} Rd8 {[%clk 1:31:10]} 11. Rad1 {[%clk 1:26:21]} b5
{[%clk 1:29:45]} 12. a3 {[%clk 1:25:12]} Bb7 {[%clk 1:29:41]} 13. f3
{[%clk 1:24:17]} Rac8 {[%clk 1:26:35]} 14. Bf1 {[%clk 1:22:25]} Ne5
{[%clk 1:21:01]} 15. Qf2 {[%clk 1:20:47]} Nc4 {[%clk 1:17:44]} 16. Bxc4
{[%clk 1:20:03]} Qxc4 {[%clk 1:16:21]} 17. Kh1 {[%clk 1:18:24]} d5
{[%clk 0:54:49]} 18. exd5 {[%clk 1:15:45]} Nxd5 {[%clk 0:54:27]} 19. Nxd5
{[%clk 1:14:46]} Qxd5 {[%clk 0:51:33]} 20. Rd2 {[%clk 1:13:29]} Qh5
{[%clk 0:50:33]} 21. Red1 {[%clk 1:09:01]} Bf6 {[%clk 0:42:42]} 22. c3
{[%clk 1:06:07]} Bd5 {[%clk 0:41:15]} 23. Kg1 {[%clk 1:02:34]} Bh4
{[%clk 0:38:35]} 24. g3 {[%clk 0:58:08]} Bf6 {[%clk 0:38:16]} 25. Kg2
{[%clk 0:46:56]} Rb8 {[%clk 0:34:10]} 26. Ne2 {[%clk 0:44:44]} g5
{[%clk 0:33:31]} 27. h3 {[%clk 0:42:24]} Qg6 {[%clk 0:31:05]} 28. Bd4
{[%clk 0:41:11]} Be7 {[%clk 0:30:39]} 29. Bc5 {[%clk 0:39:12]} Bxf3+
{[%clk 0:27:08]} 30. Kxf3 {[%clk 0:35:39]} Rxd2 {[%clk 0:26:43]} 31. Rxd2
{[%clk 0:35:11]} Qf5+ {[%clk 0:27:02]} 32. Kg2 {[%clk 0:34:28]} Qxc5
{[%clk 0:27:06]} 33. Nd4 {[%clk 0:33:40]} Qd5+ {[%clk 0:27:05]} 34. Qf3
{[%clk 0:32:50]} Qxf3+ {[%clk 0:27:08]} 35. Kxf3 {[%clk 0:33:11]} Rd8
{[%clk 0:23:53]} 36. Ke3 {[%clk 0:32:39]} Bc5 {[%clk 0:22:58]} 37. Ke4
{[%clk 0:32:10]} Rd5 {[%clk 0:04:05]} 38. g4 {[%clk 0:28:33]} Kg7
{[%clk 0:03:30]} 39. Nf5+ {[%clk 0:26:12]} exf5+ {[%clk 0:01:50]} 40. Kxd5
{[%clk 0:26:03]} fxg4 {[%clk 0:01:59]} 41. Kxc5 {[%clk 0:21:31]} gxh3
{[%clk 0:02:17]} 42. Kd4 {[%clk 0:21:19]} Kg6 {[%clk 0:01:37]} 43. Ke4
{[%clk 0:19:56]} f5+ {[%clk 0:00:47]} 44. Kf3 {[%clk 0:19:38]} f4
{[%clk 0:00:36]} 45. Kg4 {[%clk 0:15:52]} h5+ {[%clk 0:01:01]} 46. Kxh3
{[%clk 0:16:16]} g4+ {[%clk 0:00:53]} 47. Kg2 {[%clk 0:11:23]} Kg5
{[%clk 0:01:01]} 48. b3 {[%clk 0:10:34]} f3+ {[%clk 0:00:51]} 49. Kf2
{[%clk 0:10:39]} Kf4 {[%clk 0:00:48]} 50. Rd4+ {[%clk 0:10:25]} Ke5
{[%clk 0:01:13]} 51. a4 {[%clk 0:09:41]} Kf5 {[%clk 0:01:26]} 52. axb5
{[%clk 0:09:29]} axb5 53. c4 {[%clk 0:08:42]} Ke5 {[%clk 0:01:39]} 54. Rd5+
{[%clk 0:08:37]} Kf4 {[%clk 0:02:04]} 55. Rxh5 {[%clk 0:06:03]} 1-0

[Event "EUYCC 2025 - U14"]
[Site "?"]
[Date "2025.08.20"]
[Round "2.7"]
[White "Komarek, Tobias"]
[Black "Myronova, Sofia"]
[Result "1-0"]
[BlackElo "1496"]
[WhiteElo "1897"]
[LiveChessVersion "1.4.8"]

1. b3 {[%clk 1:30:53]} d5 {[%clk 1:30:42]} 2. Bb2 {[%clk 1:31:17]} Bg4
{[%clk 1:31:04]} 3. h3 {[%clk 1:31:09]} Bh5 {[%clk 1:30:45]} 4. g4
{[%clk 1:30:08]} Bg6 {[%clk 1:29:53]} 5. Bg2 {[%clk 1:30:21]} e6 {[%clk 1:29:18]}
6. e3 {[%clk 1:29:41]} Nd7 {[%clk 1:29:01]} 7. Ne2 {[%clk 1:29:42]} Ngf6
{[%clk 1:28:28]} 8. Nf4 {[%clk 1:28:44]} Bd6 {[%clk 1:27:51]} 9. h4
{[%clk 1:21:20]} h5 {[%clk 1:23:50]} 10. Nxg6 {[%clk 1:18:00]} fxg6
{[%clk 1:24:03]} 11. g5 {[%clk 1:18:11]} Ng4 {[%clk 1:22:16]} 12. Bh3
{[%clk 1:08:39]} Qe7 {[%clk 1:04:41]} 13. Bxg4 {[%clk 1:08:05]} hxg4
{[%clk 1:05:00]} 14. Qxg4 {[%clk 1:08:08]} Ne5 {[%clk 1:04:27]} 15. Qg2
{[%clk 1:06:38]} c6 {[%clk 1:00:14]} 16. f4 Nd7 {[%clk 0:59:27]} 17. Nc3
{[%clk 1:01:00]} a6 {[%clk 0:43:21]} 18. O-O-O {[%clk 0:56:51]} O-O-O
{[%clk 0:43:21]} 19. Ne2 {[%clk 0:51:32]} Ba3 {[%clk 0:39:01]} 20. Qg4
{[%clk 0:49:07]} Bxb2+ {[%clk 0:38:16]} 21. Kxb2 {[%clk 0:49:35]} e5
{[%clk 0:38:36]} 22. fxe5 {[%clk 0:48:33]} Qxe5+ {[%clk 0:37:50]} 23. Kb1
{[%clk 0:48:49]} Qe4 {[%clk 0:37:26]} 24. Qxe4 {[%clk 0:41:24]} dxe4
{[%clk 0:36:21]} 25. Kc1 {[%clk 0:40:45]} b5 {[%clk 0:30:42]} 26. Rdf1
{[%clk 0:38:40]} Rhf8 {[%clk 0:29:43]} 27. Nf4 {[%clk 0:32:14]} Rde8
{[%clk 0:27:38]} 28. Nxg6 {[%clk 0:31:53]} Rxf1+ {[%clk 0:26:46]} 29. Rxf1
{[%clk 0:32:21]} Re6 {[%clk 0:27:01]} 30. Nf8 {[%clk 0:32:02]} Re7
{[%clk 0:26:48]} 31. Nxd7 {[%clk 0:32:06]} Kxd7 {[%clk 0:27:10]} 32. Kd1
{[%clk 0:31:54]} c5 {[%clk 0:25:52]} 33. Rf8 {[%clk 0:31:27]} Kc7
{[%clk 0:25:30]} 34. g6 {[%clk 0:31:19]} Kc6 {[%clk 0:21:09]} 35. h5
{[%clk 0:30:52]} Re5 {[%clk 0:17:59]} 36. h6 {[%clk 0:30:21]} 1-0

[Event "EUYCC 2025 - U14"]
[Site "?"]
[Date "2025.08.20"]
[Round "2.8"]
[White "Debowska, Olga"]
[Black "Malureanu, Andrei"]
[Result "0-1"]
[BlackElo "1585"]
[WhiteElo "1783"]
[LiveChessVersion "1.4.8"]

1. d4 {[%clk 1:30:56]} d5 {[%clk 1:30:55]} 2. c4 {[%clk 1:31:21]} e6
{[%clk 1:31:21]} 3. Nc3 {[%clk 1:31:47]} c6 {[%clk 1:31:26]} 4. Nf3
{[%clk 1:32:05]} dxc4 {[%clk 1:31:13]} 5. e3 {[%clk 1:32:05]} b5 {[%clk 1:31:12]}
6. a4 {[%clk 1:32:17]} Bb4 {[%clk 1:31:20]} 7. Bd2 {[%clk 1:32:01]} a5
{[%clk 1:30:48]} 8. Be2 {[%clk 1:28:27]} Bb7 {[%clk 1:30:26]} 9. O-O
{[%clk 1:28:42]} Nf6 {[%clk 1:30:10]} 10. axb5 {[%clk 1:15:06]} Bxc3
{[%clk 1:30:26]} 11. bxc6 {[%clk 1:08:28]} Bxb2 {[%clk 1:09:08]} 12. cxb7
{[%clk 1:08:49]} Ra7 {[%clk 1:09:18]} 13. Rb1 {[%clk 1:08:00]} c3
{[%clk 1:05:05]} 14. Be1 {[%clk 1:07:26]} O-O {[%clk 0:57:46]} 15. Qa4
{[%clk 0:25:12]} Qc7 {[%clk 0:53:41]} 16. Bd2 {[%clk 0:23:31]} Rxb7
{[%clk 0:43:23]} 17. Bc1 {[%clk 0:22:13]} Rc8 {[%clk 0:38:55]} 18. Ne5
{[%clk 0:21:43]} Rb4 {[%clk 0:37:16]} 19. Qa2 {[%clk 0:21:40]} Bxc1
{[%clk 0:32:50]} 20. Rfxc1 {[%clk 0:19:55]} Nbd7 {[%clk 0:30:54]} 21. Nd3
{[%clk 0:18:08]} Rxb1 {[%clk 0:29:08]} 22. Qxb1 {[%clk 0:18:09]} Nd5
{[%clk 0:27:26]} 23. Bd1 {[%clk 0:16:16]} Qb6 {[%clk 0:23:57]} 24. Qxb6
{[%clk 0:12:19]} N5xb6 {[%clk 0:23:07]} 25. Kf1 {[%clk 0:11:18]} Nd5
{[%clk 0:20:54]} 26. Ke2 {[%clk 0:10:50]} Nb4 {[%clk 0:21:00]} 27. Ba4
{[%clk 0:09:33]} Nxd3 {[%clk 0:20:09]} 28. Kxd3 {[%clk 0:09:51]} Nb6
{[%clk 0:20:18]} 29. Bb3 {[%clk 0:10:04]} Kf8 {[%clk 0:17:54]} 30. Rxc3
{[%clk 0:10:04]} Rxc3+ {[%clk 0:17:55]} 31. Kxc3 {[%clk 0:10:27]} Ke7 32. e4
{[%clk 0:10:43]} Kd6 {[%clk 0:17:51]} 33. f3 {[%clk 0:10:53]} h6 {[%clk 0:17:31]}
34. h4 {[%clk 0:10:08]} f6 {[%clk 0:16:31]} 35. g3 {[%clk 0:08:42]} g6
{[%clk 0:15:46]} 36. f4 {[%clk 0:08:12]} e5 {[%clk 0:14:53]} 37. dxe5+
{[%clk 0:04:35]} fxe5 {[%clk 0:14:58]} 38. Bf7 {[%clk 0:03:26]} g5
{[%clk 0:14:02]} 39. fxg5 {[%clk 0:03:09]} hxg5 {[%clk 0:14:11]} 40. hxg5
{[%clk 0:02:17]} Ke7 {[%clk 0:14:28]} 41. Bb3 {[%clk 0:01:50]} Kf8
{[%clk 0:14:31]} 42. g6 {[%clk 0:00:45]} Kg7 {[%clk 0:14:47]} 43. Bf7
{[%clk 0:01:06]} Kf6 {[%clk 0:14:51]} 44. g4 {[%clk 0:01:28]} Kg7
{[%clk 0:15:11]} 45. Kb3 {[%clk 0:01:39]} Kf6 {[%clk 0:14:55]} 46. g5+
{[%clk 0:02:05]} Kg7 {[%clk 0:15:14]} 47. Ka3 {[%clk 0:01:50]} Kf8
{[%clk 0:15:27]} 48. Kb3 {[%clk 0:00:50]} Kg7 {[%clk 0:15:45]} 49. Kc3
{[%clk 0:00:55]} Kf8 {[%clk 0:16:04]} 50. Kd3 {[%clk 0:01:15]} Kg7
{[%clk 0:16:23]} 51. Ke3 {[%clk 0:01:24]} Nc8 {[%clk 0:16:22]} 0-1

[Event "EUYCC 2025 - U14"]
[Site "?"]
[Date "2025.08.20"]
[Round "2.9"]
[White "Voronova, Anastassia"]
[Black "Belocky, Daniel"]
[Result "0-1"]
[BlackElo "1683"]
[WhiteElo "1502"]
[LiveChessVersion "1.4.8"]

1. e4 {[%clk 1:30:56]} e6 {[%clk 1:30:48]} 2. d4 {[%clk 1:31:14]} d5
{[%clk 1:31:13]} 3. e5 {[%clk 1:31:38]} c5 {[%clk 1:31:38]} 4. c3
{[%clk 1:31:34]} Nc6 {[%clk 1:32:03]} 5. Nf3 {[%clk 1:31:00]} Bd7
{[%clk 1:32:26]} 6. Be2 {[%clk 1:31:22]} f6 {[%clk 1:32:48]} 7. O-O
{[%clk 1:31:08]} fxe5 {[%clk 1:33:14]} 8. Nxe5 {[%clk 1:31:25]} Nxe5
{[%clk 1:33:40]} 9. dxe5 {[%clk 1:31:46]} Qc7 {[%clk 1:34:06]} 10. Bf4
{[%clk 1:31:51]} Ne7 {[%clk 1:34:17]} 11. a4 {[%clk 1:28:49]} O-O-O
{[%clk 1:34:35]} 12. Na3 {[%clk 1:28:21]} h6 {[%clk 1:34:17]} 13. Re1
{[%clk 1:27:13]} g5 {[%clk 1:34:38]} 14. Bg3 {[%clk 1:27:21]} Bg7
{[%clk 1:34:18]} 15. Nb5 {[%clk 1:22:34]} Bxb5 {[%clk 1:34:38]} 16. axb5
{[%clk 1:22:49]} b6 {[%clk 1:33:22]} 17. Bg4 {[%clk 1:22:07]} Nf5
{[%clk 1:33:08]} 18. Bxf5 {[%clk 1:20:41]} exf5 {[%clk 1:33:33]} 19. h3
{[%clk 1:17:47]} f4 {[%clk 1:29:18]} 20. Bh2 {[%clk 1:11:15]} Bxe5
{[%clk 1:26:19]} 21. Ra6 {[%clk 0:54:58]} Rhe8 {[%clk 1:23:23]} 22. Qa4
{[%clk 0:52:24]} Kb8 {[%clk 1:19:43]} 23. Rc1 {[%clk 0:42:28]} Qe7
{[%clk 1:13:51]} 24. Kh1 {[%clk 0:38:13]} Qc7 {[%clk 1:13:00]} 25. Bg1
{[%clk 0:34:50]} h5 {[%clk 1:11:36]} 26. Qa3 {[%clk 0:28:08]} g4 {[%clk 1:10:00]}
27. c4 {[%clk 0:23:20]} f3 {[%clk 1:07:29]} 28. cxd5 {[%clk 0:16:29]} fxg2+
{[%clk 1:07:38]} 29. Kxg2 {[%clk 0:16:39]} Qg7 {[%clk 1:06:37]} 30. Ra1
{[%clk 0:14:14]} gxh3+ {[%clk 1:07:00]} 31. Kf1 {[%clk 0:12:22]} Qg2+
{[%clk 1:07:25]} 32. Ke2 {[%clk 0:12:26]} Bxb2+ {[%clk 1:07:51]} 33. Kd2
{[%clk 0:12:22]} Bxa3 {[%clk 1:08:09]} 34. R6xa3 {[%clk 0:12:26]} Rxd5+
{[%clk 1:08:28]} 35. Kc3 {[%clk 0:11:08]} Qf3+ {[%clk 1:08:46]} 36. Kc4
{[%clk 0:10:44]} Rd4# {[%clk 1:09:10]} 0-1

[Event "EUYCC 2025 - U14"]
[Site "?"]
[Date "2025.08.20"]
[Round "2.10"]
[White "Stricova, Julia Nela"]
[Black "Jenikova, Sabina"]
[Result "0-1"]
[BlackElo "1491"]
[WhiteElo "1675"]
[LiveChessVersion "1.4.8"]

1. d4 {[%clk 1:30:57]} e6 {[%clk 1:30:50]} 2. e4 {[%clk 1:31:23]} b6
{[%clk 1:31:11]} 3. c4 {[%clk 1:31:49]} Bb7 {[%clk 1:31:36]} 4. Nc3
{[%clk 1:32:13]} Bb4 {[%clk 1:31:52]} 5. Qc2 {[%clk 1:32:38]} d6 {[%clk 1:26:58]}
6. Qa4+ {[%clk 1:31:03]} Nc6 {[%clk 1:25:54]} 7. d5 {[%clk 1:30:37]} Bxc3+
{[%clk 1:25:39]} 8. bxc3 {[%clk 1:31:02]} Qd7 {[%clk 1:25:31]} 9. dxc6
{[%clk 1:31:05]} Bxc6 {[%clk 1:25:53]} 10. Qc2 {[%clk 1:31:26]} Nf6
{[%clk 1:25:40]} 11. Bd3 {[%clk 1:31:38]} d5 {[%clk 1:23:48]} 12. cxd5
{[%clk 1:30:48]} exd5 {[%clk 1:24:10]} 13. exd5 {[%clk 1:28:30]} Bxd5
{[%clk 1:24:26]} 14. f3 {[%clk 1:28:22]} O-O {[%clk 1:23:26]} 15. Ne2
{[%clk 1:27:49]} Rad8 {[%clk 1:21:10]} 16. Bf5 {[%clk 1:19:25]} Qe7
{[%clk 1:19:34]} 17. Bd3 {[%clk 1:10:37]} Qc5 {[%clk 0:51:49]} 18. Nd4
{[%clk 1:07:43]} Rfe8+ {[%clk 0:51:16]} 19. Kf2 {[%clk 1:07:46]} Re7
{[%clk 0:46:57]} 20. Bg5 {[%clk 1:04:51]} Rd6 {[%clk 0:31:45]} 21. Bxh7+
{[%clk 1:01:06]} Kh8 {[%clk 0:31:39]} 22. Bd3 {[%clk 1:01:20]} Re5
{[%clk 0:28:39]} 23. Bf4 {[%clk 0:56:47]} Ree6 {[%clk 0:28:18]} 24. Bxd6
{[%clk 0:57:01]} Rxd6 {[%clk 0:28:35]} 25. Rhe1 {[%clk 0:55:58]} g6
{[%clk 0:27:34]} 26. Kf1 {[%clk 0:53:55]} Bc4 {[%clk 0:26:46]} 27. Bxc4
{[%clk 0:53:46]} Qxc4+ {[%clk 0:27:06]} 28. Kg1 {[%clk 0:52:26]} Rxd4
{[%clk 0:25:59]} 29. Qb3 {[%clk 0:46:48]} Rf4 {[%clk 0:24:43]} 30. Qxc4
{[%clk 0:45:53]} Rxc4 {[%clk 0:25:06]} 31. Rac1 {[%clk 0:45:51]} Nd5
{[%clk 0:23:44]} 32. Re8+ {[%clk 0:45:28]} Kg7 {[%clk 0:24:03]} 33. Rc8
{[%clk 0:44:02]} b5 {[%clk 0:23:39]} 34. a3 {[%clk 0:42:23]} a5 {[%clk 0:19:18]}
35. Ra8 {[%clk 0:32:56]} Ra4 {[%clk 0:16:33]} 36. Rd8 {[%clk 0:31:21]} c6
{[%clk 0:15:14]} 37. Rc8 {[%clk 0:30:26]} Rc4 {[%clk 0:15:08]} 38. Ra8
{[%clk 0:29:44]} b4 {[%clk 0:12:09]} 39. axb4 {[%clk 0:29:34]} axb4
{[%clk 0:12:15]} 40. Ra4 {[%clk 0:29:25]} Nxc3 {[%clk 0:09:03]} 41. Kf1
{[%clk 0:27:46]} c5 {[%clk 0:08:13]} 42. Ke1 {[%clk 0:25:47]} Kf6
{[%clk 0:08:06]} 43. Kd2 {[%clk 0:24:52]} Ke5 {[%clk 0:07:41]} 44. Kd3
{[%clk 0:23:05]} Rd4+ {[%clk 0:07:43]} 45. Ke3 {[%clk 0:21:01]} Nxa4
{[%clk 0:07:46]} 0-1

[Event "EUYCC 2025 - U14"]
[Site "?"]
[Date "2025.08.20"]
[Round "2.12"]
[White "Amvrosiadis, Themistoklis"]
[Black "Kubalova, Nikol"]
[Result "1-0"]
[BlackElo "1453"]
[WhiteElo "1625"]
[LiveChessVersion "1.4.8"]

1. Nf3 {[%clk 1:30:57]} Nf6 {[%clk 1:30:14]} 2. c4 {[%clk 1:31:11]} g6
{[%clk 1:30:08]} 3. d4 {[%clk 1:28:41]} d5 {[%clk 1:29:10]} 4. e3
{[%clk 1:21:50]} Bg7 {[%clk 1:28:14]} 5. Nc3 {[%clk 1:20:53]} O-O
{[%clk 1:25:52]} 6. Be2 {[%clk 1:16:24]} e6 {[%clk 1:22:10]} 7. O-O
{[%clk 1:15:24]} Qe7 {[%clk 1:20:29]} 8. Ne5 {[%clk 1:04:29]} c5 {[%clk 1:16:46]}
9. cxd5 {[%clk 0:56:21]} exd5 {[%clk 1:11:23]} 10. Bf3 {[%clk 0:51:52]} Be6
{[%clk 1:09:01]} 11. b3 {[%clk 0:40:13]} b6 {[%clk 1:06:26]} 12. Ba3
{[%clk 0:38:00]} Rc8 {[%clk 1:00:15]} 13. Rc1 {[%clk 0:34:36]} a6
{[%clk 0:55:56]} 14. Na4 {[%clk 0:30:12]} Nfd7 {[%clk 0:48:23]} 15. Nxd7
{[%clk 0:28:54]} Nxd7 {[%clk 0:47:53]} 16. dxc5 {[%clk 0:24:48]} b5
{[%clk 0:46:47]} 17. Nc3 {[%clk 0:22:07]} Bxc3 {[%clk 0:44:10]} 18. Rxc3
{[%clk 0:22:25]} Nxc5 {[%clk 0:39:43]} 19. Bxd5 {[%clk 0:20:16]} Rab8
{[%clk 0:39:13]} 20. Bxe6 {[%clk 0:20:31]} fxe6 {[%clk 0:38:36]} 21. Bxc5
{[%clk 0:19:55]} Rxc5 {[%clk 0:38:48]} 22. Rxc5 {[%clk 0:19:45]} Qxc5
{[%clk 0:39:00]} 23. Qd7 {[%clk 0:18:50]} Qb6 {[%clk 0:37:38]} 24. Rd1
{[%clk 0:17:36]} Rb7 {[%clk 0:31:45]} 25. Qe8+ {[%clk 0:14:51]} Kg7
{[%clk 0:31:52]} 26. h3 {[%clk 0:11:33]} Rb8 {[%clk 0:26:55]} 27. Rd7+
{[%clk 0:10:54]} Kh6 {[%clk 0:25:25]} 28. Qe7 {[%clk 0:09:40]} Kh5
{[%clk 0:22:55]} 29. g4+ {[%clk 0:09:45]} Kh6 {[%clk 0:23:14]} 30. Qh4#
{[%clk 0:10:09]} 1-0

[Event "EUYCC 2025 - U14"]
[Site "?"]
[Date "2025.08.21"]
[Round "3.1"]
[White "Pogorelskiy, Boris"]
[Black "Diachek, Andrii"]
[Result "1/2-1/2"]
[BlackElo "2223"]
[WhiteElo "1978"]
[LiveChessVersion "1.4.8"]

1. e4 {[%clk 1:30:57]} c5 {[%clk 1:30:51]} 2. Nf3 {[%clk 1:31:24]} Nc6
{[%clk 1:31:13]} 3. Bb5 {[%clk 1:31:51]} g6 {[%clk 1:30:49]} 4. c3
{[%clk 1:32:18]} Nf6 {[%clk 1:30:43]} 5. e5 {[%clk 1:32:45]} Nd5 {[%clk 1:29:48]}
6. O-O {[%clk 1:33:12]} Bg7 {[%clk 1:27:42]} 7. d4 {[%clk 1:33:32]} cxd4
{[%clk 1:27:20]} 8. cxd4 {[%clk 1:33:57]} O-O {[%clk 1:24:04]} 9. Nc3
{[%clk 1:34:24]} Nxc3 {[%clk 1:23:34]} 10. bxc3 {[%clk 1:34:51]} d6
{[%clk 1:23:43]} 11. e6 {[%clk 1:35:08]} fxe6 {[%clk 1:21:22]} 12. Rb1
{[%clk 1:34:58]} Kh8 {[%clk 1:13:42]} 13. Bd3 {[%clk 1:25:22]} Qa5
{[%clk 0:57:24]} 14. Qc2 {[%clk 1:23:33]} a6 {[%clk 0:44:21]} 15. Nd2
{[%clk 0:58:09]} e5 {[%clk 0:41:11]} 16. Nc4 {[%clk 0:57:47]} Qc7
{[%clk 0:40:04]} 17. Nb6 {[%clk 0:54:05]} Rb8 {[%clk 0:39:51]} 18. d5
{[%clk 0:50:52]} e4 {[%clk 0:38:59]} 19. Bxe4 {[%clk 0:49:57]} Ne5
{[%clk 0:39:00]} 20. Be3 {[%clk 0:49:42]} Nc4 {[%clk 0:36:30]} 21. Nxc4
{[%clk 0:36:48]} Qxc4 {[%clk 0:36:54]} 22. Rfc1 {[%clk 0:34:29]} Bf5
{[%clk 0:32:10]} 23. Rb4 {[%clk 0:31:51]} Qc7 {[%clk 0:28:09]} 24. Bd4
{[%clk 0:28:15]} Bxd4 {[%clk 0:28:00]} 25. Rxd4 {[%clk 0:28:40]} Rbc8
{[%clk 0:27:47]} 26. Qb2 {[%clk 0:26:18]} Kg8 {[%clk 0:25:25]} 27. a4
{[%clk 0:24:22]} b6 {[%clk 0:21:16]} 28. Qe2 {[%clk 0:21:47]} Qb7
{[%clk 0:19:45]} 29. h3 {[%clk 0:17:14]} Rc7 {[%clk 0:18:37]} 30. Qd3
{[%clk 0:15:08]} Bxe4 {[%clk 0:16:49]} 31. Qxe4 {[%clk 0:14:10]} Rf5
{[%clk 0:16:47]} 32. Qe6+ {[%clk 0:13:16]} Kf8 {[%clk 0:16:11]} 33. c4
{[%clk 0:11:55]} b5 {[%clk 0:13:28]} 34. axb5 axb5 {[%clk 0:13:54]} 35. Rh4
{[%clk 0:11:51]} Kg7 {[%clk 0:13:35]} 36. Qe3 {[%clk 0:12:00]} h5
{[%clk 0:13:15]} 37. cxb5 {[%clk 0:05:15]} Rxc1+ {[%clk 0:12:46]} 38. Qxc1
{[%clk 0:05:44]} Qxb5 {[%clk 0:08:59]} 39. Re4 {[%clk 0:05:48]} Kf7
{[%clk 0:08:13]} 40. Qe3 {[%clk 0:06:05]} Qb7 {[%clk 0:07:58]} 41. Rd4
{[%clk 0:06:19]} Kg7 {[%clk 0:04:32]} 1/2-1/2